|
|
|
|
| LEADER |
01255nam a2200289 a 4500 |
| 001 |
16624002 |
| 008 |
120419s2011 flua b 001 0 eng |
| 010 |
|
|
|a 2010053695
|
| 020 |
|
|
|a 9781439826058
|
| 040 |
|
|
|a DLC
|c DLC
|d DLC
|d BD-DhAAL
|
| 042 |
|
|
|a pcc
|
| 050 |
0 |
0 |
|a QA76.76.D47
|b P3775 2011
|
| 082 |
0 |
0 |
|a 005.8
|2 22
|
| 100 |
1 |
|
|a Paul, Mano.
|
| 245 |
1 |
0 |
|a Official (ISC)2 guide to the CSSLP /
|c Mano Paul.
|
| 246 |
3 |
|
|a Official (ISC)2 guide to the CSSLP
|
| 260 |
|
|
|a Boca Raton, FL :
|b CRC Press,
|c c2011.
|
| 300 |
|
|
|a xxiv, 548 p. :
|b ill. ;
|c 25 cm.
|
| 490 |
0 |
|
|a (ISC)p2s Press series
|
| 504 |
|
|
|a Includes bibliographical references and index.
|
| 541 |
|
|
|e 00025023
|
| 505 |
0 |
|
|a Secure software concepts -- Secure software requirements -- Secure software design -- Secure software implementation/coding -- Secure software testing -- Software acceptance -- Software deployment, operations, maintenance and disposal.
|
| 650 |
|
0 |
|a Computer software
|x Development.
|
| 650 |
|
0 |
|a Computer security.
|
| 852 |
1 |
|
|a Ayesha Abed Library
|c General shelf.
|
| 999 |
|
|
|c 12090
|d 12090
|
| 952 |
|
|
|0 0
|1 0
|2 ddc
|4 0
|6 005_800000000000000_PAU
|7 0
|9 20058
|a BRACUL
|b BRACUL
|c GEN
|d 2012-04-17
|e karim International
|g 4320.00
|l 0
|o 005.8 PAU
|p 3010025023
|r 2012-04-19
|t 1
|w 2012-04-19
|y BK
|